000 00293nam a22001337a 4500
008 180216b xxu||||| |||| 00| 0 eng d
020 _a9780781776134
041 _aeng
080 _a616.34
100 _a9
101 _aGAS
245 _aStedman's GI&GU words
_cLippincott
942 _2udc
_cBK
999 _c42738
_d42738